000 00964nam a22003137a 4500
001 BR2016001188
003 BR-BrBNA
005 20230928104841.0
007 ta
008 230509b bl.||||| |||| 00| 0 por d
040 _aBR-BrBNA
_bpor
_cBiblioteca Nacional de Agricultura
041 _a(Por)
072 _aK10
_b3240
_b3575
090 _ 3240 BR2016001188
110 1 _aUniversidade Federal de Lavras, MG (Brasil)
_0Tese (Mestrado)
245 1 _aAnálise proteônica do efeito do condicionamento fisiológico e do choque térmico em sementes de Eucalyptus urophylla
260 3 _aLavras, MG (Brasil):
_c2015.
300 _a79 p.
500 _aSummaries (Eng, Por); Bibliography p. 64-79; 12 illus.
650 _aEUCALIPTO
650 _aEUCALYPTUS UROPHYLLA
650 _aSEMENTE
650 _aGERMINAÇÃO
650 _aCONTROLE TÉRMICO
650 _aTRATAMENTO
650 _aSTRESS
909 _a202309
_bLucia
_c55
_dLucia Elande
942 _cBK
999 _c82076
_d82076